Pesquisas en contabilidad e interés público /

Detalles Bibliográficos
Otros Autores: Sánchez Vásquez, Lina Marcela (Editor), Quirós Lizarazo, Elkin Horacio (Editor)
Formato: Electrónico eBook
Lenguaje:español
Publicado: Medellín : Ediciones UNAULA, [2022]
Colección:Libros resultado de investigación (Medellin, Colombia)
Materias:
Acceso en línea:Digitalia Hispánica

MARC

LEADER 00000nam a2200000Ii 4500
001 DIGUNAU0215
003 NyNyDIG
006 m o d
007 cr |||||||||||
008 230217s2022 ck ob 000 0 spa d
035 |a (OCoLC)1371187266 
040 |a DGITA  |b eng  |e rda  |e pn  |c DGITA 
020 |z 9789585495944 
050 1 4 |a HJ9701 ebook 
245 0 0 |a Pesquisas en contabilidad e interés público /  |c Lina Marcela Sánchez Vásquez, Elkin Horacio Quirós Lizarazo, (editores) 
264 1 |a Medellín :  |b Ediciones UNAULA,  |c [2022] 
300 |a 1 online resource. 
336 |a text  |b txt  |2 rdacontent 
337 |a computer  |b c  |2 rdamedia 
338 |a online resource  |b cr  |2 rdacarrier 
347 |a text file  |2 rdaft 
347 |b PDF 
490 1 |a Serie: Libro resultado de investigación  
504 |a Includes bibliographical references. 
588 0 |a Online resource; title from PDF title page (Digitalia, viewed February 17, 2023) 
650 0 |a Finance, Public  |x Accounting. 
650 0 |a Accounting  |x Social aspects. 
650 0 |a Social accounting. 
700 1 |a Sánchez Vásquez, Lina Marcela,  |e editor. 
700 1 |a Quirós Lizarazo, Elkin Horacio,  |e editor. 
791 2 |a Digitalia (Firm),  |e distributor. 
793 0 |g Digitalia eBook Collection:  |a Ediciones UNAULA 
776 0 8 |i Print version:  |t Pesquisas en contabilidad e interés público.  |b Primera edición.  |d Medellín : Ediciones UNAULA, [2022]  |z 9789585495944 
830 0 |a Libros resultado de investigación (Medellin, Colombia)  
856 4 0 |3 Digitalia Hispánica  |u https://www.digitaliapublishing.com/a/119418/ 
910 |a Premium collection: 2023